The Structuring Of Organisations (Record no. 3962)

MARC details
000 -LEADER
fixed length control field 00337nam a22001337a 4500
008 - FIXED-LENGTH DATA ELEMENTS--GENERAL INFORMATION
fixed length control field 250625b |||||||| |||| 00| 0 eng d
020 ## - INTERNATIONAL STANDARD BOOK NUMBER
ISBN 0138552703
100 ## - MAIN ENTRY--AUTHOR
Author MINTZBERG Henry
245 ## - TITLE STATEMENT
Title The Structuring Of Organisations
260 ## - PUBLICATION, DISTRIBUTION, ETC. (IMPRINT)
Place of publication Englemood Cliff
Name of publisher Prentice Hall
Date of publication 1979
300 ## - COLLATION
Pagination xvi,512P
942 ## - ADDED ENTRY ELEMENTS (KOHA)
Item type Books
050 ## - LIBRARY OF CONGRESS CALL NUMBER
Classification number HD31
Item number M56
Holdings
Source of classification or shelving scheme Not for loan Permanent location Current location Date acquired Accession No. Full call number Barcode. Koha item type
Library of Congress Classification   Samuel Ogbemudia Main Library, University of Abuja Samuel Ogbemudia Main Library, University of Abuja 06/25/2025 2017/49613 HD31M56 2025-2668 Books